00473nam a2200145Ia 4500008004100000020001800041082001400059100002900073245003500102260001000137500001800147942000700165952014000172999001500312260604s9999 xx 000 0 und d a9789395453288 a808.3 KEL aShree Book Centre935315 0aMy First Book of Science Facts bSHREE aScience Facts cBK 00104070aIIMVbIIMVcChildren Collectiond2026-06-04g450.00l0o808.3 KELp003752r2026-06-04 10:19:05v450.00w2026-06-04yBKBKEL c8134d8134